[Event "4NCL/Div3/FCA1 vs. CAMB1"]
[Site "Telford ENG"]
[Date "2005.05.29"]
[Round "10.4"]
[White "Hon, Andrew"]
[Black "Reuben, Stewart"]
[Result "1/2-1/2"]
[WhiteElo "2210"]
[BlackElo "2142"]
[PlyCount "83"]
[EventDate "2005.05.29"]
[EventType "team"]
[EventRounds "11"]
[EventCountry "ENG"]
[SourceDate "2004.09.21"]

1. e4 c5 2. Nf3 g6 3. c3 d5 4. exd5 Nf6 5. d4 Qxd5 6. Be2 Bg7 7. O-O O-O 8. Be3
Ng4 9. Bf4 Nc6 10. h3 Nh6 11. Na3 cxd4 12. cxd4 Nf5 13. Nb5 Nfxd4 14. Nfxd4
Nxd4 15. Be3 Nxe2+ 16. Qxe2 Qe5 17. f4 Qe4 18. Qf2 b6 19. Rfe1 Qb4 20. Nd4 Bb7
21. a3 Qd6 22. Rad1 Qf6 23. b4 Rfd8 24. Nb5 Rxd1 25. Rxd1 e5 26. Rd6 Qf5 27.
Nc7 Rc8 28. Nd5 Qb1+ 29. Kh2 Bf8 30. Rd7 Bc6 31. Ne7+ Bxe7 32. Rxe7 Bd5 33.
fxe5 h5 34. e6 Qf5 35. Qxf5 gxf5 36. exf7+ Bxf7 37. Rxa7 Rc2 38. Rd7 Rc3 39.
Bxb6 Rxa3 40. Rd8+ Kh7 41. Rd7 Kg6 42. Rd6+ 1/2-1/2

[Event "4NCL/Div3/FCA1 vs. CAMB1"]
[Site "Telford ENG"]
[Date "2005.05.29"]
[Round "10.5"]
[White "Majer, Chris E"]
[Black "Garner, David"]
[Result "0-1"]
[WhiteElo "2036"]
[BlackElo "2191"]
[PlyCount "90"]
[EventDate "2005.05.29"]
[EventType "team"]
[EventRounds "11"]
[EventCountry "ENG"]
[SourceDate "2004.09.21"]

1. e4 e6 2. d4 d5 3. e5 c5 4. c3 Nc6 5. Nf3 Bd7 6. Bd3 cxd4 7. cxd4 Qb6 8. O-O
Nxd4 9. Nxd4 Qxd4 10. Nc3 Qxe5 11. Re1 Qb8 12. Nxd5 Bd6 13. Qg4 Kf8 14. Bd2 h5
15. Qh3 Bc6 16. Ne3 Nf6 17. Nc4 Bc7 18. Bc3 Ng4 19. Be2 Rh6 20. Rad1 Bxh2+ 21.
Kf1 b5 22. Bb4+ Kg8 23. Ne3 Qf4 24. Bf3 e5 25. Nxg4 hxg4 26. Qxg4 Qxg4 27. Bxg4
Rh4 28. f3 Bg3 29. Re3 f5 30. Rd6 Be8 31. Bxf5 Rxb4 32. Be4 Rc8 33. b3 Rd4 34.
Rd3 Rxd3 35. Rxd3 Kf7 36. Rd6 Ke7 37. Ra6 Rc7 38. Ke2 b4 39. Bd3 Bc6 40. Bc4
Kd7 41. Bd3 Bh2 42. Bf5+ Ke7 43. Bd3 Bg1 44. Ra5 Kd6 45. Bc4 Bb6 0-1

[Event "4NCL/Div3/FCA1 vs. CAMB1"]
[Site "Telford ENG"]
[Date "2005.05.29"]
[Round "10.6"]
[White "Regan, Natasha"]
[Black "Elwin, Adrian G"]
[Result "0-1"]
[WhiteElo "2208"]
[BlackElo "2077"]
[PlyCount "90"]
[EventDate "2005.05.29"]
[EventType "team"]
[EventRounds "11"]
[EventCountry "ENG"]
[SourceDate "2004.09.21"]

1. e4 c6 2. d4 d5 3. e5 Bf5 4. Nc3 e6 5. g4 Bg6 6. Nge2 Bb4 7. Be3 Be4 8. Rg1
Nd7 9. a3 Bxc3+ 10. Nxc3 Bg6 11. Qd2 f6 12. exf6 Ngxf6 13. O-O-O Qe7 14. Be2 b5
15. f4 a5 16. f5 exf5 17. gxf5 Bxf5 18. Bg5 O-O 19. Rdf1 Bg6 20. h4 b4 21. axb4
axb4 22. Nb1 b3 23. Bd3 Bxd3 24. Qxd3 bxc2 25. Qxc2 Qe4 26. Bh6 Qxc2+ 27. Kxc2
Rf7 28. Nd2 Re8 29. Kd3 Nh5 30. Rc1 Re6 31. Be3 h6 32. Nf1 Kh7 33. Rc2 Ndf6 34.
Nh2 Rfe7 35. Bc1 Re4 36. Nf3 Nf4+ 37. Bxf4 Rxf4 38. Ne5 Rxh4 39. Rxc6 Rh3+ 40.
Kc2 Rh2+ 41. Kb1 Ne4 42. Rc8 Nd2+ 43. Kc1 Nb3+ 44. Kd1 Rd2+ 45. Ke1 Rxd4 0-1

[Event "4NCL/Div3/FCA1 vs. CAMB1"]
[Site "Telford ENG"]
[Date "2005.05.29"]
[Round "10.7"]
[White "Hunt, Peter"]
[Black "Valden, Petros"]
[Result "0-1"]
[WhiteElo "1990"]
[BlackElo "2185"]
[PlyCount "45"]
[EventDate "2005.05.29"]
[EventType "team"]
[EventRounds "11"]
[EventCountry "ENG"]
[SourceDate "2004.09.21"]

1. e4 c5 2. Nf3 Nc6 3. c3 Nf6 4. d3 g6 5. Be2 Bg7 6. O-O O-O 7. Be3 b6 8. h3 e5
9. Nbd2 d5 10. exd5 Nxd5 11. Bg5 f6 12. Bh4 Nf4 13. Nc4 Bf5 14. Ne1 Qd7 15. Bf3
Rad8 16. Bxc6 Qxc6 17. Nxe5 fxe5 18. Bxd8 Rxd8 19. Qb3+ Be6 20. Qa3 Bf8 21. f3
c4 22. Qa6 cxd3 23. Rd1 0-1

[Event "4NCL/Div3/FCA1 vs. CAMB1"]
[Site "Telford ENG"]
[Date "2005.05.29"]
[Round "10.8"]
[White "Conlon, Joe"]
[Black "Lakhani, Anjali"]
[Result "1-0"]
[WhiteElo "2207"]
[BlackElo "1650"]
[PlyCount "99"]
[EventDate "2005.05.29"]
[EventType "team"]
[EventRounds "11"]
[EventCountry "ENG"]
[SourceDate "2004.09.21"]

1. e4 c5 2. Nf3 d6 3. d4 cxd4 4. Nxd4 Nf6 5. Nc3 g6 6. Nb3 Bg7 7. Be2 O-O 8.
O-O Nc6 9. Be3 Be6 10. f4 Rc8 11. f5 Bd7 12. Kh1 Ne5 13. Bd4 Bc6 14. Bd3 Qc7
15. Bxe5 dxe5 16. Qf3 e6 17. fxe6 fxe6 18. Qh3 Kh8 19. Qxe6 Bd7 20. Qe7 Rfe8
21. Qb4 Bf8 22. Nb5 Qb6 23. Qa5 Qxa5 24. Nxa5 Bxb5 25. Bxb5 Re6 26. Bd3 b6 27.
Nb3 Ng4 28. Rf3 Bh6 29. Re1 a5 30. h3 Nf6 31. a4 Nd7 {=} 32. g3 Rf6 33. Ref1
Rxf3 34. Rxf3 Rf8 35. Kg2 Kg7 36. Ba6 Nf6 37. Bb7 Rf7 38. Bd5 Rd7 39. Rd3 Nxd5
40. exd5 Kf7 41. Kf3 Bg7 42. Ke4 h5 43. Nd2 Bf8 44. Nc4 Ke8 45. d6 Kd8 46. Nxe5
Rg7 47. Kd5 Ke8 48. Ke6 Bxd6 49. Kxd6 Re7 50. Rc3 1-0

[Event "4NCL/Div3/SCS1 vs. WES2"]
[Site "Telford ENG"]
[Date "2005.05.29"]
[Round "10.1"]
[White "Dickinson, Timothy R"]
[Black "Hopkins, Jamie R"]
[Result "1-0"]
[WhiteElo "2176"]
[BlackElo "2152"]
[PlyCount "61"]
[EventDate "2005.05.29"]
[EventType "team"]
[EventRounds "11"]
[EventCountry "ENG"]
[SourceDate "2004.09.21"]

1. d4 d6 2. Bg5 c6 3. Qd2 Nd7 4. Nc3 Ngf6 5. e4 h6 6. Bh4 g5 7. Bg3 Nh5 8.
O-O-O Nxg3 9. hxg3 Bg7 10. f4 g4 11. e5 Nf8 12. Bd3 dxe5 13. dxe5 Qa5 14. Ne4
Qxd2+ 15. Rxd2 Bd7 16. Ne2 O-O-O 17. Nd4 f6 18. exf6 Bxf6 19. Nxf6 exf6 20. Nf5
Bxf5 21. Bxf5+ Kc7 22. Rh4 Rxd2 23. Kxd2 h5 24. Bxg4 Rg8 25. Bxh5 Rxg3 26. Rg4
Rxg4 27. Bxg4 Ng6 28. Ke3 Kd6 29. Ke4 Ne7 30. Bf5 Nd5 31. a3 1-0

[Event "4NCL/Div3/SCS1 vs. WES2"]
[Site "Telford ENG"]
[Date "2005.05.29"]
[Round "10.2"]
[White "Rutter, Nicholas"]
[Black "Reynolds, D Ian"]
[Result "1/2-1/2"]
[WhiteElo "2136"]
[BlackElo "2101"]
[PlyCount "80"]
[EventDate "2005.05.29"]
[EventType "team"]
[EventRounds "11"]
[EventCountry "ENG"]
[SourceDate "2004.09.21"]

1. e4 e5 2. Nf3 Nc6 3. d4 exd4 4. Nxd4 Nf6 5. Nxc6 bxc6 6. Bd3 Bb4+ 7. Nd2 O-O
8. O-O d5 9. exd5 cxd5 10. Nf3 Bg4 11. Bg5 Be7 12. Re1 Rb8 13. b3 Bb4 14. Bd2
Bxf3 15. gxf3 Nh5 16. Re5 Bxd2 17. Qxd2 Qh4 18. Qg5 Qxg5+ 19. Rxg5 Nf4 {=} 20.
Rf5 Nxd3 21. cxd3 c6 22. Rc1 Rbc8 23. Re5 f6 24. Re6 c5 25. Rd6 c4 26. dxc4
dxc4 27. Rxc4 Rxc4 28. bxc4 Rc8 29. Rd4 Kf7 30. Kf1 Ke6 31. Ke2 Rc5 32. Kd3 Ra5
33. Re4+ Kd6 34. a4 Kd7 35. Rh4 h6 36. Rg4 g5 37. h4 Rxa4 38. hxg5 hxg5 39. f4
gxf4 40. Rxf4 Ke6 1/2-1/2

[Event "4NCL/Div3/SCS1 vs. WES2"]
[Site "Telford ENG"]
[Date "2005.05.29"]
[Round "10.3"]
[White "Moyse, Nigel"]
[Black "Gregory, Keith D"]
[Result "0-1"]
[WhiteElo "2054"]
[BlackElo "2099"]
[PlyCount "126"]
[EventDate "2005.05.29"]
[EventType "team"]
[EventRounds "11"]
[EventCountry "ENG"]
[SourceDate "2004.09.21"]

1. d4 d6 2. c4 e5 3. Nc3 Nc6 4. e3 Nf6 5. Be2 Be7 6. d5 Nb8 7. e4 O-O 8. Nf3 a5
9. O-O Na6 10. Ne1 Nc5 11. f3 Ne8 12. f4 exf4 13. Bxf4 Bg5 14. Qd2 h6 15. Nf3
Bxf4 16. Qxf4 Qf6 17. Qe3 Qe7 18. Rae1 Nf6 19. Bd1 Ng4 20. Qd4 Ne5 21. Nxe5
Qxe5 22. Qxe5 dxe5 23. Re3 Bd7 24. Bh5 Ra6 25. Nb5 Rb6 26. Be2 c6 27. Nd6 cxd5
28. Nf5 dxe4 29. Ne7+ Kh7 30. Ra3 a4 31. b3 axb3 32. axb3 f5 33. Rb1 Nd3 34.
Ra5 Re6 35. Nd5 Bc6 36. Rd1 Nf4 37. Nxf4 exf4 38. b4 f3 39. gxf3 exf3 40. Bf1
Be4 41. c5 b6 42. Ra6 Rg6+ 43. Kf2 bxc5 44. bxc5 Rxa6 45. Bxa6 Rb8 46. Rc1 Rb2+
47. Ke3 Ra2 48. Bf1 Bc6 49. h3 g5 50. Rb1 f4+ 51. Kd4 Rd2+ 52. Bd3+ Kg7 53. Kc3
Ra2 54. Rb6 Ra3+ 55. Kd2 f2 56. Ke2 Rxd3 57. Rxc6 Rd2+ 58. Kf1 Rc2 59. Rc8 Kg6
60. c6 Kh5 61. c7 Kh4 62. Kg2 f3+ 63. Kf1 Kg3 0-1

[Event "4NCL/Div3/SCS1 vs. WES2"]
[Site "Telford ENG"]
[Date "2005.05.29"]
[Round "10.4"]
[White "Pye, David E"]
[Black "Kilpatrick, Callum"]
[Result "1-0"]
[WhiteElo "2157"]
[BlackElo "2048"]
[PlyCount "80"]
[EventDate "2005.05.29"]
[EventType "team"]
[EventRounds "11"]
[EventCountry "ENG"]
[SourceDate "2004.09.21"]

1. d4 Nf6 2. Bg5 Ne4 3. Bf4 g6 4. f3 Nf6 5. e4 d6 6. Nc3 c6 7. Qd2 b5 8. e5 Nh5
9. Be3 dxe5 10. dxe5 Qxd2+ 11. Bxd2 a6 12. a4 Bb7 13. f4 Nd7 14. Be2 Ng7 15.
Bf3 O-O-O 16. axb5 cxb5 17. Bxb7+ Kxb7 18. Nf3 Ne6 19. O-O-O Ndc5 20. b4 Nd7 {=
} 21. Be3 Bh6 22. g3 Nb8 23. Nd5 Nc6 24. c3 Nc7 25. Nxc7 Kxc7 26. Rxd8 Rxd8 27.
Rd1 Rxd1+ 28. Kxd1 f6 29. exf6 exf6 30. Nd2 a5 {=} 31. bxa5 Nxa5 32. Ne4 f5 33.
Nf6 Kd6 34. Nxh7 Bg7 35. Kc2 Nc4 36. Bc1 Kd5 37. Kd3 Nd6 38. Be3 Ne4 39. Bd4
Bxd4 40. cxd4 Nf2+ {time} 1-0

[Event "4NCL/Div3/SCS1 vs. WES2"]
[Site "Telford ENG"]
[Date "2005.05.29"]
[Round "10.5"]
[White "Heard, Andrew H"]
[Black "Pleasants, Allan J"]
[Result "0-1"]
[WhiteElo "1980"]
[BlackElo "2065"]
[PlyCount "58"]
[EventDate "2005.05.29"]
[EventType "team"]
[EventRounds "11"]
[EventCountry "ENG"]
[SourceDate "2004.09.21"]

1. Nf3 g6 2. c4 Bg7 3. Nc3 c6 4. g3 d6 5. Bg2 Qc7 6. O-O Nd7 7. Rb1 a5 8. d4
Rb8 9. d5 Nc5 10. Nd4 Bd7 11. Be3 Nf6 12. Nb3 Nxb3 13. Qxb3 c5 14. Nb5 Qb6 15.
Nxd6+ Qxd6 16. Bf4 e5 17. dxe6 Qxe6 18. Bxb8 O-O 19. Bf4 Qxe2 20. Rfe1 Qh5 21.
Qf3 Bg4 22. Qxb7 Be2 23. Rxe2 Qxe2 24. Bd6 Qd3 25. Re1 Qxd6 26. Qb5 Ng4 27. Re8
Qd1+ 28. Bf1 Qf3 29. Re2 Bd4 0-1

[Event "4NCL/Div3/SCS1 vs. WES2"]
[Site "Telford ENG"]
[Date "2005.05.29"]
[Round "10.6"]
[White "Pym, Thomas W"]
[Black "Hardy-Wallace, Daniel"]
[Result "1-0"]
[WhiteElo "2111"]
[BlackElo "1740"]
[PlyCount "47"]
[EventDate "2005.05.29"]
[EventType "team"]
[EventRounds "11"]
[EventCountry "ENG"]
[SourceDate "2004.09.21"]

1. e4 e5 2. Nf3 Nf6 3. Nxe5 d6 4. Nf3 Nxe4 5. d4 d5 6. Bd3 Nc6 7. O-O Bd6 8. c4
Be6 9. cxd5 Bxd5 10. Re1 f5 11. Nc3 Bb4 12. Bg5 Qd7 13. Rc1 O-O 14. Nxd5 Bxe1
15. Qxe1 Nxg5 16. Nxg5 Rfe8 17. Qc3 Rad8 18. Bc4 Qxd5 19. Bxd5+ Rxd5 20. Qb3
Red8 21. Rc5 Ne7 22. Rxc7 h6 23. Rxe7 hxg5 24. Re5 1-0

[Event "4NCL/Div3/SCS1 vs. WES2"]
[Site "Telford ENG"]
[Date "2005.05.29"]
[Round "10.7"]
[White "Clarke, Sean A"]
[Black "Clark, Ian C"]
[Result "0-1"]
[WhiteElo "1685"]
[BlackElo "2106"]
[PlyCount "88"]
[EventDate "2005.05.29"]
[EventType "team"]
[EventRounds "11"]
[EventCountry "ENG"]
[SourceDate "2004.09.21"]

1. e4 c5 2. Bc4 Nc6 3. Nf3 e6 4. Nc3 a6 5. a4 Nf6 6. Qe2 Qc7 7. d3 d6 8. Be3
Be7 9. O-O O-O 10. Qd2 b6 11. Rfe1 Bb7 12. Ng5 Qd7 13. Bf4 d5 14. exd5 exd5 15.
Bb3 Nd4 16. Ba2 Nh5 17. Nh3 Nxf4 18. Nxf4 Bg5 19. Re5 Qg4 20. Qd1 Qxf4 21. Re3
Rad8 22. Ne2 Qg4 23. Nxd4 Qxd1+ 24. Rxd1 Bxe3 25. fxe3 cxd4 26. exd4 Rfe8 27.
Kf2 Rd6 28. Rd2 Rf6+ 29. Kg3 Re3+ 30. Kh4 Rfe6 31. c4 Re2 32. cxd5 Rh6+ 33. Kg3
Rxd2 34. Bc4 Rg6+ 35. Kf4 Rdxg2 36. b3 Rxh2 37. Ke5 Rh5+ 38. Kf4 Bxd5 39. Bxa6
Bxb3 40. Bb5 Rxb5 41. axb5 Ba4 42. d5 Bxb5 43. d4 h5 44. Ke5 h4 0-1

[Event "4NCL/Div3/SCS1 vs. WES2"]
[Site "Telford ENG"]
[Date "2005.05.29"]
[Round "10.8"]
[White "Norman, Dinah"]
[Black "Tourbassova, Sasha"]
[Result "1-0"]
[WhiteElo "2015"]
[BlackElo "1720"]
[PlyCount "83"]
[EventDate "2005.05.29"]
[EventType "team"]
[EventRounds "11"]
[EventCountry "ENG"]
[SourceDate "2004.09.21"]

1. d4 d5 2. Nf3 Nf6 3. e3 c5 4. c3 Qb6 5. Bd3 Bg4 6. Nbd2 e6 7. Qa4+ Nbd7 8.
Ne5 a6 9. Nxd7 Nxd7 10. dxc5 Bxc5 11. Qxg4 O-O 12. Nb3 Bd6 13. Qh3 f5 14. Qf3
Rae8 15. Bd2 Qc6 16. Nd4 Qc5 17. b4 Qc7 18. Rc1 Kh8 19. c4 Ne5 20. Qe2 dxc4 21.
Bxc4 Qd7 22. Bb3 Ng6 23. Nf3 e5 24. O-O Rf6 25. Bc3 f4 26. e4 Nf8 27. Rfd1 Qg4
28. h3 Qh5 29. Qb2 Nd7 30. Rd3 Nb6 31. Rcd1 Nc8 32. Rd5 Qg6 33. Qe2 Qh5 34. Qd3
Rg6 35. Kh2 Re7 36. Bxe5 Rge6 37. Bxg7+ Kxg7 38. Rxh5 Rxe4 39. Qc3+ Kg6 40.
Rg5+ Kh6 41. Qxc8 Bxb4 42. Qg4 1-0

[Event "4NCL/Div3/ATH vs. SWD2"]
[Site "Telford ENG"]
[Date "2005.05.29"]
[Round "10.1"]
[White "Mannion, Stephen R"]
[Black "May, Frank"]
[Result "0-1"]
[WhiteElo "2329"]
[BlackElo "2144"]
[PlyCount "140"]
[EventDate "2005.05.29"]
[EventType "team"]
[EventRounds "11"]
[EventCountry "ENG"]
[SourceDate "2004.09.21"]

1. e4 e6 2. d4 d5 3. Nd2 c5 4. exd5 exd5 5. Bb5+ Bd7 6. Qe2+ Be7 7. dxc5 Nf6 8.
Nb3 O-O 9. Nf3 Re8 10. Be3 a6 11. Bd3 Ba4 12. Nfd4 Nbd7 13. O-O-O Nxc5 14. Nf5
Nxd3+ 15. Qxd3 Bf8 16. Bd4 g6 17. Ng3 Ne4 18. Kb1 Bb5 19. Qf3 a5 20. Be3 a4 21.
Nd4 Bd7 22. Nxe4 dxe4 23. Qg3 Qa5 {=} 24. Bd2 Qb6 25. Bc3 Rac8 26. Ne2 Be6 27.
h4 Qb5 28. Nd4 Qh5 29. Nxe6 Rxe6 30. Rd7 e3 31. Qf4 Be7 32. Rxe7 Rxe7 33. Qf6
Rxc3 34. Qxe7 Rc4 35. fxe3 Qe2 36. Qd8+ Kg7 37. c3 Qxg2 38. Rd1 Qe4+ 39. Ka1
Qxh4 40. Qd5 Qe4 41. Qd2 Qe5 42. a3 Re4 43. Qd7 Qe7 44. Qb5 h5 45. Rd7 Qe6 46.
Rd8 b6 47. Qa6 Rg4 48. Qe2 Rg1+ 49. Rd1 Qg4 50. Qxg4 Rxg4 51. Kb1 h4 52. Rh1 g5
53. Kc2 Rg2+ 54. Kd3 Rxb2 55. Ke4 Kg6 56. c4 Rb3 57. Rd1 f5+ 58. Kf3 h3 59.
Rd6+ Kg7 60. Rd7+ Kf6 61. Rh7 Rb2 62. Kg3 g4 63. Rh8 Rg2+ 64. Kf4 Rf2+ 65. Kg3
Rf3+ 66. Kh2 Rxe3 67. Rh6+ Kg5 68. Rxb6 Re2+ 69. Kg1 g3 70. Rb1 Rc2 0-1

[Event "4NCL/Div3/ATH vs. SWD2"]
[Site "Telford ENG"]
[Date "2005.05.29"]
[Round "10.2"]
[White "Powell, Lloyd"]
[Black "Orr, Mark J L"]
[Result "0-1"]
[WhiteElo "2155"]
[BlackElo "2305"]
[PlyCount "66"]
[EventDate "2005.05.29"]
[EventType "team"]
[EventRounds "11"]
[EventCountry "ENG"]
[SourceDate "2004.09.21"]

1. d4 Nf6 2. c4 c6 3. Nf3 d5 4. g3 Bf5 5. Nc3 e6 6. Bg2 h6 7. O-O Nbd7 8. Nd2
Be7 9. e4 dxe4 10. Ndxe4 O-O 11. Bf4 Nxe4 12. Nxe4 Nf6 13. Re1 Bxe4 14. Bxe4
Bd6 15. Qf3 Bxf4 16. Qxf4 Qb6 17. b3 Rad8 18. Rad1 Rd7 19. Rd2 Rfd8 20. Red1 e5
21. dxe5 Rxd2 22. Rxd2 Rxd2 23. exf6 Qd8 24. fxg7 Rd6 25. Qf5 Kxg7 26. Qh7+ Kf8
27. Qf5 Re6 28. Kg2 Qd4 29. Bf3 Qe5 30. Qh7 Rg6 31. h4 Qg7 32. Qxg7+ Kxg7 33.
Be4 Rd6 0-1

[Event "4NCL/Div3/ATH vs. SWD2"]
[Site "Telford ENG"]
[Date "2005.05.29"]
[Round "10.3"]
[White "Johansson, Toni"]
[Black "Trevelyan, John"]
[Result "0-1"]
[WhiteElo "2143"]
[BlackElo "2200"]
[PlyCount "84"]
[EventDate "2005.05.29"]
[EventType "team"]
[EventRounds "11"]
[EventCountry "ENG"]
[SourceDate "2004.09.21"]

1. e4 d6 2. d4 Nf6 3. Nc3 e5 4. Nge2 Be7 5. f3 exd4 6. Nxd4 Nc6 7. Be3 O-O 8.
Qd2 Nxd4 9. Bxd4 c6 10. O-O-O Be6 11. Kb1 b5 12. g4 b4 13. Ne2 c5 14. Be3 Qa5
15. b3 d5 16. g5 d4 17. Bf2 Nd7 18. f4 f5 19. exf5 Bxf5 20. Ng3 Bg4 21. Re1
Rae8 22. Bg2 Nb8 23. Bd5+ Kh8 24. h4 Qd8 25. Bc4 Bd6 26. Rxe8 Qxe8 27. Re1 Qd7
28. f5 Bxf5 29. Nxf5 Qxf5 30. Re6 Bf4 31. Qe1 Nd7 32. Bd3 Qd5 33. Re8 Be5 34.
Re7 Bb8 35. Re8 Qg8 36. Re7 Nb6 37. Qe4 Nd5 38. Bc4 Nc3+ 39. Kb2 Nxe4 40. Rxe4
Rxf2 41. Bxg8 Kxg8 42. g6 hxg6 0-1

[Event "4NCL/Div3/ATH vs. SWD2"]
[Site "Telford ENG"]
[Date "2005.05.29"]
[Round "10.4"]
[White "Spice, Alan"]
[Black "Roberts, Paul"]
[Result "1/2-1/2"]
[WhiteElo "2182"]
[BlackElo "2184"]
[PlyCount "30"]
[EventDate "2005.05.29"]
[EventType "team"]
[EventRounds "11"]
[EventCountry "ENG"]
[SourceDate "2004.09.21"]

1. Nc3 g6 2. h4 h6 3. h5 g5 4. e4 Bg7 5. d4 c5 6. Be3 Qa5 7. Qd2 cxd4 8. Bxd4
Bxd4 9. Qxd4 Nf6 10. O-O-O Nc6 11. Qd2 d6 12. Bc4 Be6 13. Bxe6 fxe6 14. Nge2 e5
15. f3 O-O-O 1/2-1/2

[Event "4NCL/Div3/ATH vs. SWD2"]
[Site "Telford ENG"]
[Date "2005.05.29"]
[Round "10.5"]
[White "Stevenson, James A B"]
[Black "Brown, Alan M"]
[Result "1/2-1/2"]
[WhiteElo "2092"]
[BlackElo "2136"]
[PlyCount "90"]
[EventDate "2005.05.29"]
[EventType "team"]
[EventRounds "11"]
[EventCountry "ENG"]
[SourceDate "2004.09.21"]

1. Nf3 Nf6 2. c4 c5 3. Nc3 d5 4. cxd5 Nxd5 5. g3 g6 6. Bg2 Bg7 7. O-O O-O 8.
Qb3 Nb6 9. d3 Bd7 10. Be3 Na6 11. Ng5 Qc8 12. Rac1 Bc6 13. Nge4 Qf5 14. a4 Nd7
15. h3 h5 16. Nd2 Bxg2 17. Kxg2 Nb4 18. Nf3 b6 19. d4 a5 20. Rfd1 Rac8 21. dxc5
Nxc5 22. Bxc5 Rxc5 23. Nb5 Rfc8 24. Rxc5 Qxc5 25. Rd2 Bf6 26. Na7 Rc7 27. Nb5
Rc6 28. h4 Qc1 29. Qe3 Kg7 30. Nfd4 Nc2 31. Nxc2 Rxc2 32. Rxc2 Qxc2 33. b3 Qc6+
34. Kh2 e6 35. Qd3 Qc5 36. Kg2 Be5 37. e3 Qc6+ 38. Kg1 Qc1+ 39. Kg2 Qc6+ 40.
Kg1 Qc1+ 41. Kg2 Qc8 42. Qe4 Qc5 43. Kf1 Qc1+ 44. Kg2 Qc5 45. Kf1 Qc1+ 1/2-1/2

[Event "4NCL/Div3/ATH vs. SWD2"]
[Site "Telford ENG"]
[Date "2005.05.29"]
[Round "10.6"]
[White "Sully, David"]
[Black "McKeown, Paul"]
[Result "1/2-1/2"]
[WhiteElo "2130"]
[BlackElo "2095"]
[PlyCount "46"]
[EventDate "2005.05.29"]
[EventType "team"]
[EventRounds "11"]
[EventCountry "ENG"]
[SourceDate "2004.09.21"]

1. d4 d5 2. Nf3 Nf6 3. e3 c6 4. c4 e6 5. Nc3 Nbd7 6. Qc2 Bd6 7. Bd3 dxc4 8.
Bxc4 b5 9. Be2 Bb7 10. O-O O-O 11. Rd1 Qe7 12. b3 a6 13. Bb2 c5 14. dxc5 Nxc5
15. Ng5 Rfd8 16. b4 Ncd7 17. a3 Rac8 18. Bf3 Bxf3 19. Nxf3 Ne5 20. Nxe5 Bxe5
21. Qb3 Bb8 22. g3 Qb7 23. Rxd8+ Rxd8 1/2-1/2

[Event "4NCL/Div3/ATH vs. SWD2"]
[Site "Telford ENG"]
[Date "2005.05.29"]
[Round "10.7"]
[White "Dalmau, Anneli"]
[Black "van Kemenade, Rudy"]
[Result "1/2-1/2"]
[WhiteElo "2074"]
[BlackElo "2087"]
[PlyCount "84"]
[EventDate "2005.05.29"]
[EventType "team"]
[EventRounds "11"]
[EventCountry "ENG"]
[SourceDate "2004.09.21"]

1. e4 e5 2. Nf3 Nf6 3. Nc3 Bb4 4. Bc4 O-O 5. d3 d5 6. exd5 Nxd5 7. Bd2 Nxc3 8.
bxc3 Bd6 9. Qe2 Nc6 10. O-O Bg4 11. Qe4 Qd7 12. Bb5 Rae8 13. Bxc6 bxc6 14. Kh1
Bf5 15. Qa4 e4 16. Nd4 c5 17. Qxd7 Bxd7 18. Nb3 exd3 19. cxd3 Bf5 20. Nc1 c4
21. dxc4 Ba3 22. Nb3 Bd3 23. Rfe1 Bxc4 24. Rxe8 Rxe8 25. Re1 Rxe1+ 26. Bxe1 Bb2
27. Bd2 Kf8 28. Bf4 Bxc3 29. Bxc7 Ke7 30. Bf4 Bxb3 31. axb3 Kd7 32. Kg1 Kc6 33.
Kf1 Kb5 34. Bd6 Bd4 35. Ke2 Kc6 36. Bg3 Kd5 37. Kd3 f5 38. h3 g5 39. f3 h5 40.
Bb8 a6 41. g4 fxg4 42. fxg4 hxg4 1/2-1/2

[Event "4NCL/Div3/ATH vs. SWD2"]
[Site "Telford ENG"]
[Date "2005.05.29"]
[Round "10.8"]
[White "Wilson, Julie"]
[Black "Gruettner, Ralf"]
[Result "0-1"]
[WhiteElo "1944"]
[BlackElo "2044"]
[PlyCount "84"]
[EventDate "2005.05.29"]
[EventType "team"]
[EventRounds "11"]
[EventCountry "ENG"]
[SourceDate "2004.09.21"]

1. d4 Nf6 2. c4 g6 3. Nc3 Bg7 4. e4 d6 5. Bd3 O-O 6. Nge2 Nc6 7. O-O e5 8. d5
Ne7 9. f4 exf4 10. Nxf4 Ng4 11. Be2 Ne5 12. Be3 f5 13. Qd2 fxe4 14. Nxe4 Nf5
15. Ne6 Bxe6 16. dxe6 Qe7 17. Bf4 Nd4 18. Bxe5 Nxe2+ 19. Qxe2 Bxe5 20. Qg4 Bxb2
21. Rxf8+ Rxf8 22. Rd1 Be5 23. Rd3 Rf4 24. Qe2 Qxe6 25. g3 Rf8 26. Rd2 Qf5 27.
Kg2 b6 28. Qd3 Kg7 29. Rf2 Qd7 30. Rxf8 Kxf8 31. Ng5 Bf6 32. Qf3 Kg7 33. Ne4
Qf5 34. Qe3 Qe5 35. Qe2 Qb2 36. Qxb2 Bxb2 37. Ng5 c6 38. Kf3 d5 39. cxd5 cxd5
40. Ke3 h6 41. Ne6+ Kf6 42. Nf4 Bc1+ 0-1

[Event "4NCL/Div3/SWD2 vs. OXF1"]
[Site "Telford ENG"]
[Date "2005.05.30"]
[Round "11.1"]
[White "Spice, Alan"]
[Black "Bilalic, Merim"]
[Result "0-1"]
[WhiteElo "2182"]
[BlackElo "2292"]
[PlyCount "82"]
[EventDate "2005.05.30"]
[EventType "team"]
[EventRounds "11"]
[EventCountry "ENG"]
[SourceDate "2004.09.21"]

1. Nc3 Nc6 2. e4 Nf6 3. f4 d5 4. e5 Ne4 5. d4 Bf5 6. Nf3 e6 7. Be2 Nb4 8. Bd3
c5 9. Qe2 Qa5 10. Bd2 Nxd2 11. Qxd2 Nxd3+ 12. cxd3 Bg4 13. Ne4 Qxd2+ 14. Nexd2
Rc8 15. Rc1 Kd7 16. h3 Bf5 17. Ke2 b6 18. Rc3 Be7 19. Rhc1 Bg6 20. a3 f6 21.
dxc5 bxc5 22. Nb3 Bxd3+ 23. Kxd3 c4+ 24. Kd2 cxb3 25. Rxc8 Rxc8 26. Rxc8 Kxc8
27. Nd4 fxe5 28. fxe5 Bg5+ 29. Kc3 Kd7 30. Nxb3 Be3 31. Kd3 Bf4 32. Kd4 Kc6 33.
a4 Kb6 34. a5+ Kb5 35. a6 Kb4 36. Na1 Bc1 37. Nc2+ Kb3 38. Ne1 Bxb2+ 39. Kc5
Bxe5 40. Nd3 Bh2 41. Kc6 Kc4 0-1

[Event "4NCL/Div3/SWD2 vs. OXF1"]
[Site "Telford ENG"]
[Date "2005.05.30"]
[Round "11.2"]
[White "Ozeren, Kemal"]
[Black "May, Frank"]
[Result "1-0"]
[WhiteElo "2292"]
[BlackElo "2144"]
[PlyCount "43"]
[EventDate "2005.05.30"]
[EventType "team"]
[EventRounds "11"]
[EventCountry "ENG"]
[SourceDate "2004.09.21"]

1. d4 Nf6 2. Nf3 e6 3. e3 b6 4. Bd3 Bb7 5. O-O Be7 6. c4 Ne4 7. Nbd2 f5 8. Qc2
Nxd2 9. Bxd2 O-O 10. e4 g6 11. a3 Bf6 12. Rfe1 Nc6 13. Bc3 Ne7 14. Rad1 fxe4
15. Bxe4 Bxe4 16. Qxe4 Nf5 17. Ne5 Bg7 18. d5 Nd6 19. Qe2 Qe7 20. Qd3 Rf5 21.
dxe6 Qxe6 22. Nc6 1-0

[Event "4NCL/Div3/SWD2 vs. OXF1"]
[Site "Telford ENG"]
[Date "2005.05.30"]
[Round "11.3"]
[White "Powell, Lloyd"]
[Black "Savage, Ben D"]
[Result "1-0"]
[WhiteElo "2155"]
[BlackElo "2300"]
[PlyCount "87"]
[EventDate "2005.05.30"]
[EventType "team"]
[EventRounds "11"]
[EventCountry "ENG"]
[SourceDate "2004.09.21"]

1. d4 d5 2. c4 dxc4 3. Nf3 Nf6 4. g3 c5 5. Nc3 cxd4 6. Qxd4 Qxd4 7. Nxd4 a6 8.
Bg2 Nbd7 9. O-O e5 10. Nf5 Nc5 11. Ne3 Be6 12. Ned5 Nxd5 13. Nxd5 O-O-O 14. Rd1
Bd6 15. Be3 b5 16. b3 cxb3 17. axb3 Kb8 18. Nb4 Nxb3 19. Nc6+ Kc7 20. Rxa6 Ra8
21. Bb6+ Kd7 22. Nxe5+ Ke7 23. Bxa8 Bxe5 24. Bd5 Rc8 25. Bxe6 fxe6 26. Rb1 Rc1+
27. Rxc1 Nxc1 28. Kf1 Bc3 29. Be3 Nb3 30. Ra3 Nd2+ 31. Bxd2 Bxd2 32. Rd3 Ba5
33. e4 Kf6 34. f4 g5 35. Ke2 gxf4 36. gxf4 Bc7 37. Kf3 b4 38. Rd7 Bb6 39. e5+
Kf5 40. Rf7+ Kg6 41. Rf6+ Kg7 42. Rxe6 Bg1 43. h3 Kf7 44. Rc6 1-0